"Globální finanční krize" a její hodnocení z hlediska budoucího vývoje světové ekonomiky

Vznik globálnej finančnej krízy v roku 2008. Prvotné dôsledky. Analýza základných príčin vzniku finančnej krízy. Najvýznamnejšie rizikové faktory súčasného vývoja svetovej ekonomiky.

Saved in:
Bibliographic Details
Main Author: Rejnuš, Oldřich
Format: Book Chapter
Language:Czech
Subjects:
Tags: Add Tag
No Tags, Be the first to tag this record!

MARC

LEADER 00000naa$a2200000$$$4500
001 0112058
005 20231128110232.7
041 0 |a cze 
044 |a CZ 
245 1 0 |a "Globální finanční krize" a její hodnocení z hlediska budoucího vývoje světové ekonomiky  |c Oldřich Rejnuš 
520 |a Vznik globálnej finančnej krízy v roku 2008. Prvotné dôsledky. Analýza základných príčin vzniku finančnej krízy. Najvýznamnejšie rizikové faktory súčasného vývoja svetovej ekonomiky. 
610 2 0 |a kríza finančná 
610 2 0 |a kríza hospodárska 
610 2 0 |a trh finančný 
610 2 0 |a hospodárstvo svetové 
610 2 0 |a hospodárstvo trhové 
610 2 0 |a regulácia štátna 
100 1 |a Rejnuš, Oldřich